| 000 | 00744nam a2200205Ia 4500 | ||
|---|---|---|---|
| 001 | 10416 | ||
| 003 | GE_BSU | ||
| 008 | 181216s||||||||xx |||||||||||||| ||und|| | ||
| 040 | _cGE_BSU | ||
| 245 | _aРеферативный журнал.№5.Экономика промышленности. 2014. | ||
| 245 | _b20.Экономика промышленности.Выходит 12раз в год. | ||
| 245 | _cгл. ред. Ран п.а Минакир, и др. | ||
| 260 | _aМосква | ||
| 260 | _c2014 | ||
| 300 | _a16стр.16см. | ||
| 653 | _aПериодика | ||
| 653 | _aРеферативный журнал.Экономика промышленности. 2014 | ||
| 653 | _aპერიოდიკა | ||
| 942 | _cCR | ||
| 999 |
_c43676 _d43676 |
||